000 00667nam a2200193 4500
999 _c170569
_d170569
005 20191217171654.0
010 _aENG-127182
020 _a9789389146684
_c485.00
035 _aEN-110714
037 _bDBAD/PUB
082 _a363.2
100 _aAnuradha, A.J
245 _aWork-life balance of women in police service /
_cby A.J.Anuradha [and] S.John Gabriel
260 _aTamil Nadu
_bShanlax Publications
_c2019
270 _a61, 66 T.P.K. Main Road
_bVasantha Nagar, Madurai
_e625003
_k0452-4208765, 7639303383
_mpublisher@shanlaxpublications.com
300 _a231p .
_c21cm(pbk)
700 _aGabriel, S.John
942 _2ddc
_cEN
_h363.2
_mANU